00406nam a2200169Ia 4500003000400000005001700004008004100021020001500062050002200077100001900099245002900118260003500147300003300182440000600215521000700221526000800228OSt20140507101602.0140130s9999 xx 000 0 und d a0516273965 aRE 320b.G67 2003 aGordon, Sharon cSharon GordonaPinkeye / bScholastic,c2003.aNew York : a31 p. :bcol. ill. ;c19 cm. v1 aG1 c190